000 01429cam a22003857a 4500
003 CHAP
005 20250819095031.0
008 000126d1999 mx r 00110 spa d
010 _a79492
011 _a80464
035 _a90915
040 _cCHAP
090 _aTesis
100 1 0 _aSánchez Ariza, Martha Araceli
_9107333
245 1 0 _aFormulación de proyecto, para una planta deshidratadora de cebolla en Axochiapan, Morelos
_c/por Martha Araceli Sánchez Ariza
260 _aChapingo, Méx. :
_bEl autor,
_c1999.
300 _a100 h. :
_bMapas ; cuadros ; diagrama
502 _aTesis (Ing. Agroindustrial) -- UACH. Departamento de Ingeniería Agroindustrial
590 _aALEPH
_b10
_c20130110
_lUCH01
_h1431
590 _aBATCH-UPD
_b10
_c20130110
_lUCH01
_h0059
590 _aBATCH-UPD
_b10
_c20130110
_lUCH01
_h0730
590 _aBATCH-UPD
_b10
_c20130409
_lUCH01
_h2048
590 _aBATCH-UPD
_b10
_c20130410
_lUCH01
_h0413
590 _aBATCH-UPD
_b10
_c20130914
_lUCH01
_h0906
590 _aCONVERSION
_b10
_c20130109
_lUCH01
_h1344
650 1 1 _aProyectos
_xEvaluación
_992525
650 1 4 _aCebolla
_xDeshidratación.
_920761
650 1 4 _aCebolla
_xMorelos.
_920790
901 _aBK
905 _aGuadalupe Pinto C.
942 _cFOLL
949 _bBC
_cTES
_d33724000735494
_eTS2
_fc.2
_h34392
_i90915
_si
949 _bBC
_cTES
_d33724000754511
_eTS2
_fc.3
_h35439
_i90915
_si
949 _bBC
_cTES
_d909151
_eTS1
_h34391
_i90915
_sb
999 _c79492
_d79492